Spojový mechanik (spojová mechanička) s odborným zameraním pre oznamovacie siete, pre spojovacie zariadenia- učebný odbor dočasné učebné dokumenty učebných odborov

Bibliographic Details
Format: Book
Language:Slovak
PhysicalDescription:124 s. tab. 29 cm
Published: Bratislava Slovenské pedagogické nakladateľstvo 1978
Edition:1. vyd.
Subjects:

MARC

LEADER 00000cam a2200000 a 4500
001 vtls001113161
003 SK-MaSNL
005 20260301215700.0
008 180814s1978 xo a f 00000 slo
015 |a SNBA1978 
035 |a SNK000056004 
040 |a SNK  |b slo  |c SNK  |e AACR2 
041 0 |a slo 
044 |a xo  |c SK 
080 |a 654:377.35(073)  |2 1981 
080 |a 377.35(073)  |2 1981 
080 |a 377.35  |2 1981 
080 |a 654(073)  |2 1981 
080 |a 371.214.112  |2 1981 
080 |a 654  |2 1981 
245 0 0 |a Spojový mechanik (spojová mechanička) s odborným zameraním pre oznamovacie siete, pre spojovacie zariadenia- učebný odbor  |b dočasné učebné dokumenty učebných odborov 
250 |a 1. vyd. 
260 |a Bratislava  |b Slovenské pedagogické nakladateľstvo  |c 1978 
300 |a 124 s.  |b tab.  |c 29 cm 
366 |e 60 výt. 
650 0 7 |a oznamovacia technika  |2 SNKPH  |9 1533 
650 0 7 |a spojovacie zariadenia  |2 SNKPH  |9 605756 
650 0 7 |a stredné školy  |2 SNKPH  |9 1279 
655 7 |a učebné osnovy  |2 SNKPH  |9 60479 
852 |a Štátna vedecká knižnica v Banskej Bystrici 
958 |a OND 
958 |a TL 
999 |c 929188  |d 931118 
952 |a SNK  |b SNK  |y PREZ  |7 0  |p 17A0968603  |o snkSB 26677  |i snkKSP 3565/78  |0 0  |1 0  |4 0  |d 2014-07-23  |f 1  |l 0  |r 2026-02-24 08:43:37  |w 2026-02-24 
952 |a SNK  |b SNK  |y VYP  |7 0  |o snkSB 26677 D1  |i snkKSP 3566/78  |0 0  |1 0  |4 0  |d 2014-07-23  |l 0  |r 2026-02-24 08:43:37  |w 2026-02-24